000 nam a22 7a 4500
999 _c9114
_d9114
008 180123b ||||| |||| 00| 0 eng d
100 _aAggarwal R S
_93422
245 _aSecondary School Maths
260 _aNew Delhi
_bBharai and Bhawan
_c2008